Word Ladder: All About Italy Quiz Stats

 Plays Quiz Updated May 7, 2013

Support Sporcle.
Go Orange.
Score 0/18 Timer 02:00
1 Play Today
Clue 4-Letter Word % Correct
Italy is famous for this drink made from grapes•WINE•
99.2%
The Capital of Italy•ROME•
97.1%
The 'shape' of Italy•BOOT•
96.1%
A thorny flowerROSE
95.7%
This has 5 toesFOOT
93.7%
10¢ coinDIME
93.2%
Cocktail: ___ ColadaPIÑA
92.5%
Edible substances•FOOD•
92.2%
You may do this in Italy, as the food is notoriously great•DINE•
92.2%
Clue 4-Letter Word % Correct
A person in chargeBOSS
90%
An Italian leaning tower location•PISA•
89.6%
The Pantheon or Lucas Oil Stadium, e.g.•DOME•
88.7%
A small lakePOND
87%
A leading speaker producing companyBOSE
86.9%
Showing a liking forFOND
83.3%
CatcallsBOOS
81%
In baseball, Wily Mo or CarlosPEÑA
62.3%
To await approval; to remain undecidedPEND
59.9%

Today's Daily Dose

You're not logged in!

Compare scores with friends on all Sporcle quizzes.
OR
Log In

From the Vault

Cities by Two Athletes

by hscer

At their best, athletes bring their cities together.
Remove Ads.
Support Sporcle.
Get the best of Sporcle when you Go Orange. This ad-free experience offers more features, more stats, and more fun while also helping to support Sporcle. Thank you for becoming a member.

Show Comments

Extras

Top Quizzes Today


Score Distribution

Your Account Isn't Verified!

In order to create a playlist on Sporcle, you need to verify the email address you used during registration. Go to your Sporcle Settings to finish the process.

Report this User

Report this user for behavior that violates our Community Guidelines.

Details: